大手鉄道会社の本社の最寄り駅 - Statistics

General Stats
  • This quiz has been taken 181 times
  • The average score is 7 of 17
Answer Stats
会社 % Correct
相模鉄道 横浜
82%
名古屋鉄道 名古屋
78%
西武鉄道 池袋
75%
東急電鉄 渋谷
74%
東武鉄道 押上
55%
東京地下鉄 上野
54%
近畿日本鉄道 大阪上本町
54%
小田急電鉄2 海老名
46%
京王電鉄 聖蹟桜ヶ丘
40%
京成電鉄 京成八幡
36%
京阪電鉄 天満橋
33%
阪急電鉄 中津
25%
阪神電鉄 野田
25%
西日本鉄道 博多
25%
京急電鉄 新高島
19%
南海電鉄 今宮戎
16%
小田急電鉄1 都庁前
6%
No matching quizzes found
Score Distribution
Percent of People with Each Score
Percentile by Number Answered
Your Score History
You have not taken this quiz